000 00477nam a2200205 4500
005 20250902110056.0
008 250902b |||||||| |||| 00| 0 eng d
020 _a9789387462854
_cRs. 750.00
040 _aMAIN
082 _a342.0662
_bR812R
100 _aRoy, Aruna
245 _aRTI kaise aayi
260 _aNew Delhi
_bRajkamal Prakashan
_c2018
300 _a343
650 _aLaw
650 _aRTI
700 _aSrivastva, Abhishek
942 _cBK
999 _c393498
_d393498